00528 2200169 4500245003100000020001800031250001100049100001500060650002600075005001900101260004200120041001400162084001100176500012000187490004200307336000900349 aSoftwarecNurhasanahhText a0-8094-7554-5 aCet. 1 aNurhasanah aEnsiklopedia Komputer a20231031132009 bEnsiklopedia Nasional Indonesiac2012 aIndonesia a004.03 aDaftar Isi : Intruksi yang tak kasatmata, Bahasa-Bahasa Baru Penyelesaian Masalah, Ledakan Perangkat Lunak, Indeks. aSeri Informasi Komputer dan Teknologi atext